000 01010njm a22002897a 4500
005 20100914152621.0
007 sd ammalaaahaa
008 100913t xxu||||| |||| 00| 0 hin d
028 _aEALP 4079
_bEMI
035 _aGR-02458
040 _aSED/VEN
100 _aMohd, Rafi
_91184
245 _aYeh duniya yeh mehfil
_cby Mohd Rafi ...[et. al]
_h[sound recording] :
246 _aयह दुनिया यह महफ़िल /
260 _aDum Dum India
_bEMI
_c1975
300 _a1 sound disc [Gramophone record] :
_banalog, 33 1/3 rpm
_c12.5 in. (LP)
_fGramophone Record
500 _aBrief Record
500 _aRecord label :EMI, Red
505 _aSide-२ माई ऋ मैं कसे कहूं (Maai ri main kase kahoon)
600 _aMohd Rafi
_919992
650 _aFilm Songs
_xExcerpts
_zIndia
_919603
700 _919604
700 _919605
700 _920065
942 _2ddc
_cGR
999 _c45796
_d45796